Statistiques concernant Set 2: Tft

Cliquez ici pour prendre le quiz!

Statistiques générales

  • Ce quiz a été pris 22 fois
  • Le résultat moyen est 93 sur 147

Statistiques - réponses

HintRéponse% Correct
Défenseur | OcéanNautilus
88%
Assassin | Electrique | InvocateurZed
88%
Cristal | RôdeurAshe
82%
SynergieAssassin
82%
Défenseur | MontagneMalphite
82%
Maitre des lames | VentYasuo
82%
Enfers | InvocateurAnnie
76%
Glacial | RôdeurEzreal
76%
Acier | Avatar | Bois | +9 othersLux
76%
SynergieMage
76%
Bois | DruideNeeko
76%
Berzerker | GlacialOlaf
76%
Mage | MontagneTaliyah
76%
Mage | OcéanVladimir
76%
Berzerker | Electrique | GlacialVolibear
76%
Poison | PrédateurKog maw
71%
Berzerker | PoisonMundo
71%
Cristal | PrédateurSkarner
71%
Cristal | DéfenseurTaric
71%
Mage | OmbresVeigar
71%
Lumière | Maitre des lamesAatrox
65%
Défenseur | EnfersAmumu
65%
Assassin | EnfersDiana
65%
Bois | DruideIvern
65%
Enfers | Ombres | RôdeurKindred
65%
SynergieMaitre des lames
65%
Maitre des lames | Mystique | OmbresMaitre yi
65%
Invocateur | OmbresMalzahar
65%
Bois | DruideMaokai
65%
Mystique | OcéanNami
65%
SynergiePoison
65%
Berzerker | DésertRenekton
65%
Alchimiste | PoisonSinged
65%
Défenseur | OcéanThresh
65%
Poison | RôdeurTwitch
65%
Enfers | RôdeurVarus
65%
Enfers | InvocateurZyra
65%
SynergieGlacial
59%
Mystique | VentJanna
59%
Berzerker | LumièreJax
59%
Assassin | Bois | MageLeblanc
59%
SynergieLumière
59%
Défenseur | LumièreNasus
59%
Acier | AssassinNocturne
59%
SynergieOcéan
59%
Défenseur | ElectriqueOrnn
59%
Assassin | Enfers | Montagne | +2 othersQiyana
59%
Lumière | MystiqueSoraka
59%
Mage | OcéanSyndra
59%
SynergieVent
59%
Invocateur | LumièreYorick
59%
Désert | InvocateurAzir
53%
Enfers | MageBrand
53%
SynergieDesert
53%
SynergieInvocateur
53%
Assassin | DésertKhazix
53%
SynergieMontagne
53%
Acier | PrédateurReksai
53%
Berzerker | OmbresSion
53%
Lumière | RôdeurVayne
53%
Glacial | PrédateurWarwick
53%
SynergieBois
47%
SynergieCristal
47%
SynergieOmbres
47%
Désert | Maitre des lamesSivir
47%
SynergieAcier
41%
SynergieBerzerker
41%
Défenseur | GlacialBraum
41%
SynergieElectrique
41%
SynergieMystique
41%
SynergieRôdeur
41%
SynergiePrédateur
35%
SynergieAlchimiste
29%
SynergieDruide
29%
SynergieDéfenseur
18%
SynergieEnfers
18%
SynergieAvatar
6%

Distribution des résultats

Percentile par nombre de réponses

% des personnes avec chaque résultat

Votre développement - résultats

Vous n’avez pas pris ce quiz